000
00294 a2200121 4500
005
20250628082824.0
020
_a
0-07-339750-4
082
_a
658.049 ROB
245
_a
International Business.
260
_a
New York,
_b
McGraw Hill,
_c
2008.
300
_a
xxv, 237p.:
_b
Index
_c
26cm
942
_2
ddc
_c
BKS
999
_c
5887
_d
5887